Catalog

Record Details

Catalog Search



I am Rebel  Cover Image Book Book

I am Rebel / Ross Montgomery.

Summary:

"Rebel is a good dog, and he loves his simple, perfect life on the farm with his owner, Tom. But war is brewing, and now Tom is determined to join the rebellion to defeat the greedy king and his vicious soldiers. But it's Rebel's job to protect Tom, even from things much bigger than a small farm dog. So Rebel sets out on a journey that takes him far from home, meeting many more animals and people than he knew there were in the world. All to save the human he loves most." -- [Page two] of book jacket

Record details

  • ISBN: 9781536251265
  • ISBN: 9781536246797
  • ISBN: 1536246794
  • ISBN: 9781536246803
  • ISBN: 1536246808
  • Physical Description: 231 pages : illustrations ; 22 cm
  • Edition: First US edition.
  • Publisher: Somerville, Massachusetts : Candlewick Press, 2025.

Content descriptions

General Note:
"An unbreakable bond. A journey of a lifetime." -- [Page one] of book jacket
Subject: Human-animal relationships > Juvenile fiction.
Dogs > Juvenile fiction.
War > Juvenile fiction.
Rescues > Juvenile fiction.
Government, Resistance to > Juvenile fiction.
Civil war > Juvenile fiction.
Imaginary wars and battles > Juvenile fiction.
Genre: Animal fiction.
Action and adventure fiction.

LDR 04028cam a2200853 i 4500
001167073
003SBPL
00520260209102311.0
008241115t20252024maua c 000 1 eng d
010 . ‡a 2024949870
020 0. ‡a9781536251265
020 . ‡a9781536246797 ‡q(hardback)
020 . ‡a1536246794 ‡q(hardback)
020 . ‡a9781536246803 ‡q(paperback)
020 . ‡a1536246808 ‡q(paperback)
035 . ‡a(OCoLC)1468662773 ‡z(OCoLC)1468663859
050 4. ‡aPZ7.M76847 ‡bIaf 2025
08204. ‡a823.92 ‡223
1001 . ‡aMontgomery, Ross ‡c(Fiction writer),: ‡eauthor.
24510. ‡aI am Rebel / ‡cRoss Montgomery.
250 . ‡aFirst US edition.
250 . ‡aReinforced trade edition.
264 1. ‡aSomerville, Massachusetts : ‡bCandlewick Press, ‡c2025.
300 . ‡a231 pages : ‡billustrations ; ‡c22 cm
336 . ‡atext ‡btxt ‡2rdacontent
336 . ‡astill image ‡bsti ‡2rdacontent
337 . ‡aunmediated ‡bn ‡2rdamedia
338 . ‡avolume ‡bnc ‡2rdacarrier
500 . ‡a"An unbreakable bond. A journey of a lifetime." -- [Page one] of book jacket
520 . ‡a"Rebel is a good dog, and he loves his simple, perfect life on the farm with his owner, Tom. But war is brewing, and now Tom is determined to join the rebellion to defeat the greedy king and his vicious soldiers. But it's Rebel's job to protect Tom, even from things much bigger than a small farm dog. So Rebel sets out on a journey that takes him far from home, meeting many more animals and people than he knew there were in the world. All to save the human he loves most." -- [Page two] of book jacket
650 0. ‡aHuman-animal relationships ‡vJuvenile fiction.
650 0. ‡aDogs ‡vJuvenile fiction.
650 0. ‡aWar ‡vJuvenile fiction.
650 0. ‡aRescues ‡vJuvenile fiction.
650 0. ‡aGovernment, Resistance to ‡vJuvenile fiction.
650 0. ‡aCivil war ‡vJuvenile fiction.
650 0. ‡aImaginary wars and battles ‡vJuvenile fiction.
655 7. ‡aAnimal fiction. ‡2lcgft
655 7. ‡aAction and adventure fiction. ‡2lcgft
901 . ‡a167073 ‡bAUTOGEN ‡c167073 ‡tbiblio

Additional Resources